000 00284nam a2200121Ia 4500
008 190216s9999||||xx |||||||||||||| ||und||
100 _aGlover A J
245 0 _aVedic Mathematics For Schools
260 _bMotilal Banarsidass
300 _a133
650 _aMathematics
942 _cBK
999 _c32167
_d32167